000 00541nam a2200157Ia 4500
008 100122s9999 xx 000 0 und d
082 _b54511
_aB925
100 _aनाडकर्णी सुरेश
245 _aअलेक्झांडर ग्रॅहम बेल
250 _a0
260 _bओरिएंट लाँगमन
_c1997
300 _a64
630 _aअलेक्झांडर ग्रॅहम बेल
730 _aअलेक्झांडर ग्रॅहम बेल
942 _cBOOK
999 _c431347
_d431344